000 00874nam0a2200277 4500
001 RU\NLR\bibl\1403810
005 20250615205127.0
010 _a978-5-17-060147-9
_bАСТ
010 _a978-5-403-01492-2
_bАСТ МОСКВА
_98000
021 _aRU
_b2009-48556
_92984
035 _a(NLR Aleph) 001395809
090 _a1191152
_c1191152
100 _a20090824d2009 |||y0rusy50 ca
101 1 _arus
_ceng
102 _aRU
105 _ay |||||||||
200 1 _aИдеальный поцелуй
_eроман
_fАнна Грейси
_g[пер. с англ. Е.А. Дзюбы]
210 _aМосква
_cАСТ
_cАСТ МОСКВА
_d2009
215 _a317, [1] с.
_d17
225 1 _aмини ШАРМ
700 1 _aГрейси
_bА.
_gАнна
_4070
801 0 _aRU
_bNLR
_c20090824
_gRCR
801 1 _aRU
_bNLR
_c20090824
942 _cBOOK
980 _aNB